Statistics for Top 10 Celtics of All-Time

Click here to take the quiz!

General Stats

  • This quiz has been taken 262 times
    (256 since last reset)
  • The average score is 7 of 10

Answer Stats

Win Shares Years Position Player % Correct
163.51956-1969CenterBill Russell
97%
145.81979-1992ForwardLarry Bird
97%
138.41998-2013ForwardPaul Pierce
88%
113.01981-1993ForwardKevin McHale
83%
91.01951-1963GuardBob Cousy
78%
122.41980-1994CenterRobert Parish
75%
131.71962-1978ForwardJohn Havlicek
71%
92.31957-1969GuardSam Jones
54%
83.71971-1980CenterDave Cowens
46%
80.91951-1961GauardBill Sharman
15%

Score Distribution

Percentile by Number Answered

Percent of People with Each Score

Your Score History

You have not taken this quiz since the last reset